| 000 | 00747nam a2200253Ia 4500 | ||
|---|---|---|---|
| 003 | OSt | ||
| 005 | 20220918164348.0 | ||
| 006 | a|||||r|||| 00| 0 | ||
| 007 | ta | ||
| 008 | 220917b |||||||| |||| 00| 0 eng d | ||
| 020 | _a0521667917 (hbk) | ||
| 024 | _a172,767 | ||
| 037 | _cTextual | ||
| 040 |
_aARTS _cARTS _beng |
||
| 041 |
_2eng _aeng |
||
| 082 | _aR3xL24:g, P0 (SC) | ||
| 100 |
_aRescher Nicholas _918578 |
||
| 245 | 0 |
_aKant and the reach of reason _b studies in Kant's theory of rational systemization |
|
| 260 |
_aCambridge _bCambridge University Press _c2000 |
||
| 300 |
_avii, 258p. _ccm. |
||
| 650 | _aPHILOSOPHY | ||
| 942 |
_hR3xL24:g, P0 (SC) _cTEXL _2CC |
||
| 999 |
_c124458 _d124458 |
||